000 00555nam a2200205Ia 4500
003 OSt
005 20220926044715.0
006 a|||||r|||| 00| 0
007 ta
008 220923b |||||||| |||| 00| 0 eng d
037 _cGeneral Book
040 _aRTL
_cRTL
_beng
041 _2eng
_aeng
082 _aY73(Q2).2.N5, J8/TD
100 _aWeber Max
_922368
245 0 _aReligion of India
_b The sociology of Hinduism and B
260 _c1958
942 _hY73(Q2).2.N5, J8/TD
_cGB
_2CC
999 _c675579
_d675579